Welcome to CU Library Online Public Access Catalogue (OPAC)

Crafting and executing strategy; (Record no. 5288)

MARC details
000 -LEADER
fixed length control field 00485nam a22001697a 4500
005 - DATE AND TIME OF LATEST TRANSACTION
control field 20250328112951.0
008 - FIXED-LENGTH DATA ELEMENTS--GENERAL INFORMATION
fixed length control field 250328b |||||||| |||| 00| 0 eng d
020 ## - INTERNATIONAL STANDARD BOOK NUMBER
International Standard Book Number 9780072962215
050 ## - LIBRARY OF CONGRESS CALL NUMBER
Classification number HD30
Item number .28.T53 THO
100 ## - MAIN ENTRY--PERSONAL NAME
Personal name Strickland, J. A.
245 ## - TITLE STATEMENT
Title Crafting and executing strategy;
Remainder of title the quest for competitive advantage concepts and cases
250 ## - EDITION STATEMENT
Edition statement 4th
260 ## - PUBLICATION, DISTRIBUTION, ETC.
Place of publication, distribution, etc. Boston
Name of publisher, distributor, etc. McgRAW-Hill
Date of publication, distribution, etc. C2005
300 ## - PHYSICAL DESCRIPTION
Extent xli, 694p
700 ## - ADDED ENTRY--PERSONAL NAME
Personal name Gamble John E.
942 ## - ADDED ENTRY ELEMENTS (KOHA)
Source of classification or shelving scheme Library of Congress Classification
Koha item type Books
Suppress in OPAC No
999 ## -
-- 5288
-- 5288
Holdings
Withdrawn status Lost status Source of classification or shelving scheme Damaged status Not for loan Collection Home library Current library Shelving location Date acquired Total checkouts Full call number Barcode Date last seen Copy number Price effective from Koha item type
    Library of Congress Classification     Non-fiction Undergraduate Library (Christ Temple) Undergraduate Library (Christ Temple) General stacks 03/28/2025   HD30.28.T53 THO ulct00002057 03/28/2025 1 03/28/2025 Books
© 2023-2024 Copyright: Central University Libraries. All Rights Reserved | Created by: Mahone Tech Office